000 00537nam a2200193Ia 4500
005 20250508151432.0
008 008 250505s9999 xx 000 0 eng d
037 _aTextual
040 _aFEDL
_beng
_cFEDL
041 _aeng
_2eng
084 _a301.153, BRO
_qFEDL
100 _aBrown Sterling W.
_9759122
245 0 _aPrimer in intergroup relations
260 _aNew York, USA
_bAmerican Brother Hood
_c1947
300 _a68p.
650 _aSociology
942 _cTEXL
_h301.153, BRO
999 _c1329776
_d1329776